000 00704nam a2200265Ia 4500
005 20260121170629.0
008 008 260114s9999 xx 000 0 eng d
020 _a9783319921655
037 _aEBOOK
040 _aCRL
040 _beng
040 _cCRL
041 _2eng
041 _aeng
084 _qCRL
100 _aVijay Gupta, Themistocles M. Rassias, P. N. Agrawal, Ana Maria Acu
_91066242
245 0 _aRecent Advances in Constructive Approximation Theory
260 _bSpringer
260 _bSpringer
260 _c2018
856 _uhttps://link.springer.com/openurl?genre=book&isbn=978-3-319-92165-5
942 _cEBOOK
999 _c1631972
_d1631972